C.O.U.R.A.G.E (Record no. 11543)
[ view plain ]
| 000 -LEADER | |
|---|---|
| fixed length control field | 01060nam a22001577a 4500 |
| 020 ## - INTERNATIONAL STANDARD BOOK NUMBER | |
| ISBN | 9781544533100 |
| 082 ## - DEWEY DECIMAL CLASSIFICATION NUMBER | |
| Classification number | 320.954CHR |
| 100 ## - MAIN ENTRY--AUTHOR NAME | |
| Personal name | Parasher, Tejas. |
| 245 ## - TITLE STATEMENT | |
| Title | C.O.U.R.A.G.E |
| Sub Title | 7 Choices for Living a Life Without Regret |
| 260 ## - PUBLICATION, DISTRIBUTION, ETC. (IMPRINT) | |
| Place of publication | Nashville |
| Name of publisher | Lioncrest Publishing |
| Year of publication | 2025 |
| 300 ## - PHYSICAL DESCRIPTION | |
| Number of Pages | 262P. |
| Other physical details | 22 cm |
| 520 ## - SUMMARY, ETC. | |
| Summary, etc | In C.O.U.R.A.G.E., Christopher O. H. Williams reveals how to harness innate courage in everyday life to make a lasting impact and live authentically, without regret. A transformation consultant and senior leader at some of the world’s most influential companies, Christopher distills his experience, observations, and research into seven essential choices that build a courageous life, offering practical wisdom anyone can apply. Courage is your antidote to stagnation. Utilize it to unlock your dormant superpower, break out of your routine, and transform your daily existence in this must-read guide for making a powerful—and authentic—impact on the world. |
| 650 ## - SUBJECT ADDED ENTRY--TOPICAL TERM | |
| Topical Term | Leadership. |
| 942 ## - ADDED ENTRY ELEMENTS (KOHA) | |
| Koha item type | Book |
| Withdrawn status | Lost status | Damaged status | Not for loan | Permanent Location | Current Location | Shelving location | Date acquired | Cost, normal purchase price | Full call number | Accession Number | Price effective from | Koha item type |
|---|---|---|---|---|---|---|---|---|---|---|---|---|
| UONGOZI Institute Resources Centre - Dar es Salaam | UONGOZI Institute Resources Centre - Dar es Salaam | Personal Development | 06/19/2026 | 103537.00 | 658.409 WIL | UR010563 | 07/01/2026 | Book | ||||
| UONGOZI Institute Resources Centre - Dar es Salaam | UONGOZI Institute Resources Centre - Dar es Salaam | Personal Development | 06/19/2026 | 103537.00 | 658.409 WIL | UR010564 | 07/01/2026 | Book |
